00458nam a2200169Ia 4500003000400000005001700004008004100021020001800062040000900080082001800089100001400107245007700121250001300198260004700211300000900258650002100267OSt20201013095836.0190216s9999||||xx |||||||||||||| ||und|| a9780706998221 coclc a796.03bGOE/E aGoel, R G 0aEncyclopaedia Of Sports And Games /cR G Goel ; Veena Goel ; Gaurav Goel a12th Ed. bVikas Publishing House,c2011.aNew Delhi: a797p aSports And Games